| 000 | 00784nam a22002055i 4500 | ||
|---|---|---|---|
| 001 | 160189 | ||
| 003 | ES-MaACL | ||
| 005 | 20230906211948.0 | ||
| 008 | 040922s1881 sp a |||| | spa d | ||
| 040 |
_aCAM _bspa _cCAM |
||
| 080 | _a821.134.2-31"18" | ||
| 100 | 1 |
_aMoreno Fuentes, José. _9130169 |
|
| 245 | 1 | 4 |
_aUna empresa misteriosa en el mar de las Antillas _b: imitacion de Julio Verne / _cpor José Moreno Fuentes. |
| 260 |
_aMadrid : _bGaspar editores, _c1881. |
||
| 300 |
_a2 v. (54; 56 p.) : _bil. ; _c28 cm. |
||
| 490 | 1 | _aBiblioteca ilustrada de Gaspar editores | |
| 830 | 0 |
_aBiblioteca ilustrada de Gaspar editores _9188565 |
|
| 852 |
_aES-MaACL _jFol-Laf-58-59 _z-- Rust. deteriorada en t.I y sin enc. en t.II _z-- Legado M. de la Fuente |
||
| 999 |
_c160189 _d160189 |
||